000 00446nam a2200181Ia 4500
005 20230323132406.0
008 131103s9999 xx 000 0 und d
040 _aLoreto College
041 _aEnglish
082 _a822.91
_bKIM
100 _aKimmins, Anthony
245 4 _aThe Amorous prawn
_b a comedy
_cAnthony Kimmins
260 _aLondon
_bSamuel
_c1960
300 _a79p.
650 _aEnglish drama
850 _aLCLIB
942 _cBK
999 _c22157
_d72636